| 000 | 00746nam a22002177a 4500 | ||
|---|---|---|---|
| 999 |
_c4872 _d4872 |
||
| 003 | AR-CdUCM | ||
| 008 | 190311b ||||| |||| 00| 0 spa d | ||
| 040 |
_aMUNICIPALIDAD PROVINCIAL DEL CUSCO _cBIBLIOTECA MUNICIPAL DEL CUSCO |
||
| 082 |
_a321.07 / _bM83 |
||
| 100 |
_aN. A. Rufino _914980 |
||
| 245 | _aUtopia / | ||
| 260 |
_aBuenos Aires : _bTor , |
||
| 300 |
_a125 páginas ; _c18 cm. |
||
| 505 | _aContenido : Tomás Moro -- Noticia, Juicio y Recomendacion de la "Utopía" y de Thomas More -- Thomas More a Pedro Egidio -- Libro Primero -- Libro Segundo... | ||
| 650 |
_aHumanismo _92496 |
||
| 650 |
_aRacionalidad _914981 |
||
| 650 |
_aFilosofia Analitica _914982 |
||
| 700 |
_aTomas Moro _914983 |
||
| 942 |
_2ddc _cLIBROS |
||
| 945 | _artm | ||